| 000 | 01722cam a22004217i 4500 | ||
|---|---|---|---|
| 001 | 19546309 | ||
| 005 | 20230113152746.0 | ||
| 008 | 170309t2016 nju e b 001 0 eng d | ||
| 906 |
_a7 _bcbc _ccopycat _d2 _encip _f20 _gy-gencatlg |
||
| 925 | 0 |
_aacquire _b2 shelf copy _xpolicy default |
|
| 010 | _a 2017303397 | ||
| 020 |
_a9781119013976 _q(paperback : acid-free paper |
||
| 020 | _z9781118985045 (pdf) | ||
| 020 | _z9781118985069 (epub) | ||
| 035 | _a(OCoLC)ocn949657822 | ||
| 040 |
_aSITPL _beng _erda _cSITPL _dWIS _dNYP _dOCLCF _dYDXCP _dIBI _dUBY _dDLC |
||
| 042 | _alccopycat | ||
| 050 | 0 | 0 |
_aNA2850 _b.M56 2016 |
| 082 | 0 | 4 |
_a728/.37 _223 |
| 100 | 1 |
_aMitton, Maureen, _eauthor. |
|
| 245 | 1 | 0 |
_aResidential interior design : _ba guide to planning spaces / _cMaureen Mitton, CID, NCIDQ, Courtney Nystuen, AIA EMERITUS ; with CAD illustrations by Melissa Brewer, Shelley Pecha, and Jamey Bowe. |
| 250 | _aThird edition. | ||
| 264 | 1 |
_aHoboken, New Jersey : _bJohn Wiley & Sons, inc., _c[2016] |
|
| 300 |
_a274 pages ; _c28 cm |
||
| 336 |
_atext _2rdacontent |
||
| 337 |
_aunmediated _2rdamedia |
||
| 338 |
_avolume _2rdacarrier |
||
| 504 | _aIncludes bibliographical references and index. | ||
| 650 | 0 | _aInterior architecture. | |
| 650 | 0 |
_aDwellings _xPlanning. |
|
| 650 | 0 |
_aDwellings _vSpecifications. |
|
| 650 | 7 |
_aDwellings. _2fast _0(OCoLC)fst00899978 |
|
| 650 | 7 |
_aDwellings _xPlanning. _2fast _0(OCoLC)fst00900144 |
|
| 650 | 7 |
_aInterior architecture. _2fast _0(OCoLC)fst00976313 |
|
| 655 | 7 |
_aSpecifications. _2fast _0(OCoLC)fst01423860 |
|
| 700 | 1 |
_aNystuen, Courtney, _eauthor. |
|
| 999 |
_c11236 _d11236 |
||